LEADER 00890nam a2200205 4500 001 000000339297 003 CaOOAMICUS 005 20200207110915.0 008 200207s1839 it a d 000 u ita r 040 $aSeMil$bita 245 00$a1: A-Azz. 264 1$aMilano :$bBorroni e Scotti,$c1839. 300 $a559 p., VIII, 7 c. di tav. :$bill. color. ;$c26 cm 700 11$aMarenesi, Ercole Luigi.$0(OLS)http://semarc/name/40670 773 0 $aMarenesi, Ercole Luigi$tDizionario pittoresco della storia naturale e delle manifatture ad uso della gioventù.$dMilano : Borroni e Scotti, 1839-1850.$g1$w()339296 850 $aSeMil 852 $aSeMil$W1$xVenegono$y1$m3XA IV 3 FA$j218489$B230409$CSeMilBibl$Z2$F230409 $8I 996 $6245$a1: A-Azz$9(OLS)http://semarc/title/428092 996 $6264$aMilano :$bBorroni e Scotti$9(OLS)http://semarc/publisher/31266 LEADER 01125nam a2200217 i 4500 001 000000205077 003 CaOOAMICUS 005 20110816000000.0 008 110816s1916 it u000 u ita u 013 $a183811 040 $aSeMil$bita 100 1 $aLa Brière, Yves : de,$c.$0(OLS)http://semarc/name/20503 240 14$aLes Dates fatidiques. Le Champ des Bouleaux. Frère Hermann, Frère Antoine, Frère Joannès. Le Bienheureux André Bobola. Le Bienheureux Curé d'Ars.$0(OLS)http://semarc/title/296917 245 13$aLe destin de l'Empire Allemand et les oracles prophétiques :$bessai de critique historique /$cYves de La Brière. 260 $aParis :$bBeauchesne,$c1916. 300 $a187 p. ;$c19 cm. 650 4$aGuerra mondiale <1914-1918>.$0(OLS)http://semarc/subject/2579 850 $aSeMil 852 $aSeMil$W1$xVenegono$y1$m3U II 46$j155571$B155571$CSeMilBibl$Z2$F166877 $81 996 $6245$aLe destin de l'Empire Allemand et les oracles prophétiques :$bessai de critique historique$9(OLS)http://semarc/title/296916 996 $6260$aParis :$bBeauchesne$9(OLS)http://semarc/publisher/29638